000 00407nam a22001697a 4500
005 20180424141801.0
008 160520b xxu||||| |||| 00| 0 eng d
020 _a978-93-5027-018-9
041 _aeng
082 _b3531
_a510
100 _aAggarwal RS
_9880
245 _aMathematics for Class 11
260 _bBharti Bhawan Pub.
300 _aOQ-163
650 _aDIPLOMA ENGINEERING
_9817
942 _cBK
999 _c1205
_d1205